书目信息 |
| 书名: | Dizionario comparato di proverbi | |
| 作者: | ||
| 分册号: | ||
| 分册名: | 出版地: | Milano : |
|
| 出版社: | Ulrico Hoepli Editore | |
| 出版时间: | 1972. | |
| 页数: | 892 p. ; | |
| 开本: | 21cm. | |
| 丛书名: | ||
| 中图分类号: | ||
| 科图分类号: | ||
| 其他分类号: | H772.6 | |
| 主题词: | ||
| 电子资源: | ||
| 000 | 00655nam 2200193 a 4500 | |
| 001 | E0752446835 | |
| 005 | 20070302162007.87 | |
| 008 | 001 0 ita | |
| 008 | uu | |
| 040 | @aNLC | |
| 049 | @aN5LA | |
| 090 | @aH772.6 | |
| 096 | @aI546.77-61 @v2 | |
| 099 | @dH772.6@ex1 | |
| 245 | 00 | @aDizionario comparato di proverbi :@bitaliani, latini, francesi, spagnoli, tedeschi, inglesi@egreci antichi con relativi indici sistematico-alfabetici |
| 260 | @aMilano :@bUlrico Hoepli Editore,@c1972. | |
| 300 | @a892 p. ;@c21cm. | |
| 700 | 1 | @aArthaber, Augusto. @b00 @c20020930 @lNLC09 @h2246 @lNLC09 @h2303 @lNLC09 @h1854 |
| 852 | 9 | @bWWJC @cJ09 @k2G @hI546.77-61 @iDC |
| Dizionario comparato di proverbi : : italiani, latini, francesi, spagnoli, tedeschi, inglesi.-Milano : : Ulrico Hoepli Editore, , 1972. |
| 892 p. ; ; 21cm. |
| ISBN |
| ● |
| 相关链接 |
|
|
|
|
正题名:Dizionario comparato di proverbi
索取号:H772.6/x1
 
预约/预借
| 序号 | 登录号 | 条形码 | 馆藏地/架位号 | 状态 | 备注 |
| 1 | 46140 | 001303486 | 第四借阅区/ [索取号:H772.6/x1] | 在馆 | |
| 2 | 46141 | 001303468 | 第二样本阅览室/ [索取号:H772.6/x1] | 在馆 | |
| 3 | 47680 | 001303529 | 第四借阅区/ [索取号:H772.6/x1] | 在馆 |